00355nam a2200109Ia 4500008004100000082000800041100001800049245006200067942000600129952009500135999001500230240331s9999 xx 000 0 und d bROB aRoberts, J. L 4aThe Glass Menagerie and a streetcar named desire :bnotes cL 001040708LaWERCLbWERCLcSSCd2024-03-31l0o 820 ROBp4026r2024-03-31w2024-03-31yL c3195d3195